| 000 | nam a22 7a 4500 | ||
|---|---|---|---|
| 999 |
_c129044 _d129044 |
||
| 008 | 190218b xxu||||| |||| 00| 0 eng d | ||
| 050 |
_aBX830. 1869 _b.K41 |
||
| 100 |
_aKerrigan, Alexander [et al] _944702 |
||
| 245 |
_aDe doctrina concilii vaticani primi _bstudia selecta annis 1948-1964 scripta _cAlexander Kerrigan, et al... |
||
| 260 |
_aRome _bLibreria editrice vaticana _c1969 |
||
| 300 |
_a583p. ; _c28cm. |
||
| 650 |
_aVatican Council, 1st _941999 |
||
| 942 |
_2lcc _cMONOGRAPH |
||